Golpe mortal : (Record no. 9707)

MARC details
000 -LEADER
campo de control de longitud fija 00883nam a2200265 i 4500
001 - NÚMERO DE CONTROL
campo de control 9707
003 - IDENTIFICADOR DE NÚMERO DE CONTROL
campo de control ES-MaACL
005 - FECHA Y HORA DE LA ÚLTIMA TRANSACCIÓN
campo de control 20231227164415.0
008 - DATOS DE LONGITUD FIJA--INFORMACIÓN GENERAL
campo de control de longitud fija 931129s1988 sp ||||1| spa d
020 ## - NÚMERO INTERNACIONAL ESTÁNDAR DEL LIBRO
Número Internacional Estándar del Libro 84-03-91013-4
080 ## - NÚMERO DE LA CLASIFICACIÓN DECIMAL UNIVERSAL
Número de la Clasificación Decimal Universal 32:929 Carrero Blanco, Luis
080 ## - NÚMERO DE LA CLASIFICACIÓN DECIMAL UNIVERSAL
Número de la Clasificación Decimal Universal 323.285(46)"1973.12.20"
100 1# - ENTRADA PRINCIPAL--NOMBRE DE PERSONA
Nombre de persona Fuente, Ismael.
9 (RLIN) 52838
245 10 - MENCIÓN DEL TÍTULO
Título Golpe mortal :
Resto del título asesinato de Carrero y agonía del franquismo /
Mención de responsabilidad, etc. Ismael Fuente, Javier García y Joaquín Prieto.
250 ## - MENCION DE EDICION
Mención de edición 5ª ed.
260 ## - PUBLICACIÓN, DISTRIBUCIÓN, ETC.
Lugar de publicación, distribución, etc. Madrid :
Nombre del editor, distribuidor, etc. El País :
-- Aguilar,
Fecha de publicación, distribución, etc. 1988.
300 ## - DESCRIPCIÓN FÍSICA
Extensión 341 p. ;
Dimensiones 21 cm.
500 ## - NOTA GENERAL
Nota general Reimp., de la 1ª ed., 1983.
600 14 - PUNTO DE ACCESO ADICIONAL DE MATERIA--NOMBRE DE PERSONA
Nombre de persona Carrero Blanco, Luis,
Fechas asociadas al nombre 1904-1973
9 (RLIN) 35700
650 #4 - PUNTO DE ACCESO ADICIONAL DE MATERIA--TÉRMINO DE MATERIA
Término de materia o nombre geográfico como elemento de entrada Atentados políticos-
Subdivisión geográfica Madrid.
9 (RLIN) 10404
700 1# - ENTRADA AGREGADA--NOMBRE PERSONAL
Nombre de persona García, Javier.
9 (RLIN) 54038
700 1# - ENTRADA AGREGADA--NOMBRE PERSONAL
Nombre de persona Prieto, Joaquín.
9 (RLIN) 93893
852 ## - LOCALIZACIÓN
Ubicación ES-MaACL
Número de control de estantería L-17254
Holdings
Estatus retirado Estado de pérdida Estado de daño No para préstamo Biblioteca de origen Biblioteca actual Ubicación en estantería Fecha de adquisición Fuente de adquisición Total de préstamos Signatura topográfica completa Código de barras Visto por última vez Precio de reemplazo Tipo de ítem Koha
        Biblioteca del Ateneo de Madrid Biblioteca del Ateneo de Madrid Depósito 2 17/01/2008     L-17254 1009906 23/02/2023 23/02/2023 Libro impreso